UM Logo

Law enforcement ethics : (Record no. 1501)

MARC details
000 -LEADER
fixed length control field 00791nam a22001937a 4500
008 - FIXED-LENGTH DATA ELEMENTS--GENERAL INFORMATION
fixed length control field 160401b xxu||||| |||| 00| 0 eng d
020 ## - INTERNATIONAL STANDARD BOOK NUMBER
International Standard Book Number 978-1-45225817-1 (pbk.)
082 ## - DEWEY DECIMAL CLASSIFICATION NUMBER
Edition number 2014
Classification number DC 174.936323
Item number L41
100 ## - MAIN ENTRY--PERSONAL NAME
9 (RLIN) 4611
Personal name Fitch, Brian D.
Relator term editor.
245 ## - TITLE STATEMENT
Title Law enforcement ethics :
Remainder of title classic and contemporary issues/
Statement of responsibility, etc. Brian D. Fitch, editor.
260 ## - PUBLICATION, DISTRIBUTION, ETC. (IMPRINT)
Place of publication, distribution, etc. Los Angeles :
Name of publisher, distributor, etc. SAGE,
Date of publication, distribution, etc. c2014.
300 ## - PHYSICAL DESCRIPTION
Extent xx,
Other physical details 466 pages ;
Dimensions 26 cm.
500 ## - GENERAL NOTE
General note Includes bibliographical references and index.<br/>
650 #0 - SUBJECT ADDED ENTRY--TOPICAL TERM
9 (RLIN) 4613
Topical term or geographic name as entry element Law enforcement
General subdivision Moral and ethical aspects
Geographic subdivision United States.
650 #0 - SUBJECT ADDED ENTRY--TOPICAL TERM
9 (RLIN) 4614
Topical term or geographic name as entry element Police ethics
Geographic subdivision United States.
650 #0 - SUBJECT ADDED ENTRY--TOPICAL TERM
9 (RLIN) 4615
Topical term or geographic name as entry element Police misconduct
Geographic subdivision United States.
650 #0 - SUBJECT ADDED ENTRY--TOPICAL TERM
9 (RLIN) 4616
Topical term or geographic name as entry element Police training
General subdivision Moral and ethical aspects
Geographic subdivision United States.
942 ## - ADDED ENTRY ELEMENTS (KOHA)
Source of classification or shelving scheme Dewey Decimal Classification
Koha item type Circulation
Holdings
Withdrawn status Lost status Source of classification or shelving scheme Damaged status Not for loan Collection code Home library Current library Shelving location Date acquired Source of acquisition Total Checkouts Full call number Barcode Date last seen Price effective from Koha item type
    Dewey Decimal Classification     Circulation UM Digos College - LIC UM Digos College - LIC Book Cart 01/21/2014 Purchased   DC 174.936323 L41 2014 22140 05/15/2025 04/01/2016 Circulation